| 000 | 00520nam a2200205Ia 4500 | ||
|---|---|---|---|
| 003 | GCL | ||
| 008 | 140319s9999 xx 000 0 eng d | ||
| 040 |
_aGCL / _cGCL |
||
| 082 | 0 | 4 |
_a338.956 _bR B |
| 100 | 1 | _aROBERT, GWILYN | |
| 245 | 1 | 0 |
_aBUILT BY OIL / _cROBERT, GWILYN |
| 700 | 1 | _aFOWLER, DAVID | |
| 260 |
_a[S.N] : _bGARNET PUBLISHINGG LIMITED ، _c1995 |
||
| 300 | _a290 P | ||
| 650 | 0 | 4 | _aOIL ECONOMICS |
| 650 | 0 | 4 | _aECONOMICS |
| 650 | 0 | 4 | _aECONOMIC DEVELOPMENT |
| 650 | 0 | 4 | _aMIDDLE EAST |
| 942 |
_2ddc _cBK |
||
| 999 |
_c13951 _d13951 |
||